| 000 | 01756nam a2200457 i 4500 | ||
|---|---|---|---|
| 001 | 193073 | ||
| 003 | SpMaBN | ||
| 005 | 20250603170235.0 | ||
| 007 | ta | ||
| 008 | 230727s2011 sp | |||| 000 0 spa | ||
| 015 | _aMON11 | ||
| 017 |
_aM 12996-2011 _bOficina Depósito Legal Madrid |
||
| 020 | _a9788403102002 | ||
| 035 | _a(OCoLC)776698772 | ||
| 035 | _aa5043284 | ||
| 040 |
_aSpMaBN _bspa _cSpMaBN _erdc |
||
| 080 | _a338.124(100)"2008/..." | ||
| 080 | _a308(460)"2004/..." | ||
| 080 | _a338.1(460)"2004/..." | ||
| 080 | _a323.25/.26(460) | ||
| 245 | 0 | 0 |
_aReacciona / _cJosé Luis Sampedro, Federico Mayor Zaragoza, Baltasar Garzón ... [et al.] ; prólogo de Stéphane Hessel. |
| 246 | 0 |
_iSubtítulo de la cubierta : _a10 razones por las que debes actuar frente a la crisis económica, política y social |
|
| 250 | _a1ª ed. | ||
| 260 |
_a[Madrid] : _bAguilar, _c2011. |
||
| 300 |
_a169 p. ; _c22 cm |
||
| 336 |
_2rdacontent _aTexto |
||
| 337 |
_2rdamedia _asin mediación |
||
| 338 |
_2rdacarrier _avolumen |
||
| 500 | _aCatalogación provisional. Signatura: N 8564. Depósito J. | ||
| 650 | 0 |
_aCrisis económicas- 2008 _9236570 |
|
| 650 | 7 |
_aResistencia al gobierno _zEspaña _2embne _9233908 |
|
| 651 | 0 |
_aEspaña- _xSituación social- _yS.XXI _9238604 |
|
| 651 | 7 |
_aEspaña- _xSituación económica- _y2004-2011 _9152135 |
|
| 700 | 1 |
_aSampedro, José Luis, _d1917-2013 _9102185 |
|
| 852 |
_aES-MaACL _9200378 _bR.152232 _jN-8564 _cDEPOJ _hDonación: Editorial _zEn proceso |
||
| 942 |
_n0 _cMONOGRAFIA |
||
| 999 |
_c193073 _d193073 |
||